Online katalóg knižníc regiónu Turca

Doktor Jajbolíto (Record no. 21875)

MARC details
000 -LEADER
fixed length control field 01445nam a2200397 a 4500
001 - CONTROL NUMBER
control field 21875
003 - CONTROL NUMBER IDENTIFIER
control field VRT
005 - DATE AND TIME OF LATEST TRANSACTION
control field 20260313141236.0
008 - FIXED-LENGTH DATA ELEMENTS--GENERAL INFORMATION
fixed length control field 201022s1964 xo 000 slo
015 ## - NATIONAL BIBLIOGRAPHY NUMBER
National bibliography number SKSNBA1965/02-00471
035 ## - SYSTEM CONTROL NUMBER
System control number SK01SNK19650006291
035 ## - SYSTEM CONTROL NUMBER
System control number SKM000008754
039 #9 - LEVEL OF BIBLIOGRAPHIC CONTROL AND CODING DETAIL [OBSOLETE]
Level of rules in bibliographic description 202010221339
Level of effort used to assign nonsubject heading access points VLOAD
Level of effort used to assign subject headings 202008210745
Level of effort used to assign classification csnkv15
Level of effort used to assign subject headings 201811280910
Level of effort used to assign classification VLOAD
Level of effort used to assign subject headings 201606291527
Level of effort used to assign classification AUTHORITY
040 ## - CATALOGING SOURCE
Original cataloging agency SNK
Language of cataloging slo
Transcribing agency SNK
Description conventions AACR2
041 1# - LANGUAGE CODE
Language code of text/sound track or separate title slo
Language code of original rus
044 ## - COUNTRY OF PUBLISHING/PRODUCING ENTITY CODE
MARC country code xo
ISO country code SK
080 ## - UNIVERSAL DECIMAL CLASSIFICATION NUMBER
Universal Decimal Classification number 882-3(087.5)
Edition identifier 1981
100 1# - MAIN ENTRY--PERSONAL NAME
Personal name Čukovskij, Kornej Ivanovič,
Dates associated with a name 1882-1969
Relationship aut
240 10 - UNIFORM TITLE
Uniform title Doktor Ajbolit
Language of a work Slovensky
245 10 - TITLE STATEMENT
Title Doktor Jajbolíto
Statement of responsibility, etc. Kornej Ivanovič Čukovskij ; z rus. orig. (Doktor Ajbolit ...) prel. Mária Rázusová-Martáková ; ilustr. Štefan Cpín
260 ## - PUBLICATION, DISTRIBUTION, ETC.
Place of publication, distribution, etc. Bratislava
Name of publisher, distributor, etc. Mladé letá
Date of publication, distribution, etc. 1964
Place of manufacture Bratislava
Manufacturer Polygrafické závody 01
300 ## - PHYSICAL DESCRIPTION
Extent 48, [4] s.
Dimensions
490 1# - SERIES STATEMENT
Series statement Zlatý kľúčik
500 ## - GENERAL NOTE
General note Frontispice. Predsádky
563 ## - BINDING INFORMATION
Binding note 6500 výtl.
650 07 - SUBJECT ADDED ENTRY--TOPICAL TERM
Topical term or geographic name entry element rozprávky autorské ruské
655 #7 - INDEX TERM--GENRE/FORM
Genre/form data or focus term umelecká literatúra
Source of term SNKPH
700 1# - ADDED ENTRY--PERSONAL NAME
Personal name Rázusová-Martáková, Mária,
Dates associated with a name 1905-1964
Relationship trl
700 1# - ADDED ENTRY--PERSONAL NAME
Personal name Cpin, Štefan,
Dates associated with a name 1919-1971
Relationship ill
730 ## - ADDED ENTRY--UNIFORM TITLE
Uniform title Doktor Ajbolit
830 #0 - SERIES ADDED ENTRY--UNIFORM TITLE
Uniform title Zlatý kľúčik
910 ## - USER-OPTION DATA (OCLC)
User-option data kis3gmm
942 ## - ADDED ENTRY ELEMENTS (KOHA)
Source of classification or shelving scheme Dewey Decimal Classification
Koha item type Krásna literatúra pre deti
Suppress in OPAC No
Holdings
Stav vyradenia Strata Poškodenie Spôsob nadobudnutia Domovská knižnica Aktuálna knižnica Dátum nadobudnutia Total checkouts Čiarový kód exemplára Date last seen Typ exemplára
      Dar Obecná knižnica Horná Štubňa Obecná knižnica Horná Štubňa 13.03.2026   4736201838 13.03.2026 Krásna literatúra pre deti
Projekt je podporený Slovenskou asociáciou knižníc
Prevádzkuje Turčianska knižnica Martin 2026